[Event "Doeberl Cup"]
[Site "Canberra"]
[Date "2023.04.08"]
[Round "6"]
[White "Kethro, Michael"]
[Black "Dale, Ari"]
[Result "1/2-1/2"]
[WhiteElo "2126"]
[BlackElo "2331"]
[PlyCount "88"]
[EventDate "2023.04.06"]
[EventType "swiss"]
[EventRounds "9"]
[EventCountry "AUS"]
[SourceTitle "CBM 213 Extra"]
[Source "ChessBase"]
[SourceDate "2023.05.31"]
[SourceVersion "1"]
[SourceVersionDate "2023.05.31"]
[SourceQuality "1"]

1. d4 d5 2. c4 e6 3. Nf3 Nf6 4. g3 dxc4 5. Bg2 a6 6. 0-0 Nc6 7. e3 Rb8 8. Qe2 b5 9. b3 cxb3 10. axb3 Bb7 11. Bd2 Bd6 12. Rc1 0-0 13. Ne1 Qe8 14. Nd3 e5 15. dxe5 Nxe5 16. Bxb7 Rxb7 17. Rxa6 Nxd3 18. Qxd3 Qe4 19. Qc2 Rbb8 20. Qxe4 Nxe4 21. Rac6 Ra8 22. f3 Nxd2 23. Nxd2 f5 24. f4 Rfe8 25. Kf2 Ra2 26. R1c2 Rxc2 27. Rxc2 c5 28. Kf3 Ra8 29. Nb1 Kf7 30. Nc3 Ra5 31. g4 fxg4+ 32. Kxg4 Be7 33. e4 g6 34. Ra2 Rxa2 35. Nxa2 c4 36. bxc4 bxc4 37. h4 h5+ 38. Kg3 Bc5 39. Nc3 Bb4 40. Nd5 Be1+ 41. Kf3 c3 42. Nxc3 Bxc3 43. f5 gxf5 44. exf5 Kf6 1/2-1/2

[Event "Begonia op 55th"]
[Site "Ballarat"]
[Date "2021.03.08"]
[Round "6"]
[White "Stojic, Svetozar"]
[Black "Dale, Ari"]
[Result "0-1"]
[WhiteElo "2001"]
[BlackElo "2353"]
[PlyCount "60"]
[EventDate "2021.03.06"]
[EventType "swiss"]
[EventRounds "7"]
[EventCountry "AUS"]
[SourceTitle "CBM 201 Extra"]
[Source "ChessBase"]
[SourceDate "2021.05.31"]
[SourceVersion "1"]
[SourceVersionDate "2021.05.31"]
[SourceQuality "1"]

1. e4 c6 2. d4 d5 3. Nc3 dxe4 4. Nxe4 Nf6 5. Nxf6+ exf6 6. Bc4 Bd6 7. Nf3 0-0 8. 0-0 Na6 9. c3 Nc7 10. Qc2 Be6 11. Bd3 h5 12. Nh4 Re8 13. f4 c5 14. f5 Bd7 15. Qd1 cxd4 16. Qxh5 Re5 17. Bf4 Bb5 18. c4 Bc6 19. Bxe5 Bxe5 20. Rae1 Qd6 21. b4 b6 22. c5 bxc5 23. bxc5 Qxc5 24. Rc1 Qd6 25. Rfe1 Nd5 26. Bc4 d3 27. Rcd1 Qc5+ 28. Kh1 Qxc4 29. Nf3 Nf4 30. Qg4 Qc2 0-1

[Event "Begonia op 55th"]
[Site "Ballarat"]
[Date "2021.03.07"]
[Round "3"]
[White "Dale, Ari"]
[Black "Wyss, Felix"]
[Result "1-0"]
[WhiteElo "2353"]
[BlackElo "1508"]
[PlyCount "39"]
[EventDate "2021.03.06"]
[EventType "swiss"]
[EventRounds "7"]
[EventCountry "AUS"]
[SourceTitle "CBM 201 Extra"]
[Source "ChessBase"]
[SourceDate "2021.05.31"]
[SourceVersion "1"]
[SourceVersionDate "2021.05.31"]
[SourceQuality "1"]

1. d4 d5 2. c4 e6 3. Nc3 c6 4. e4 dxe4 5. Nxe4 Nf6 6. Nxf6+ Qxf6 7. Nf3 Nd7 8. Bd3 Bb4+ 9. Kf1 h6 10. c5 g5 11. Qa4 a5 12. a3 b5 13. Qc2 Bxc5 14. dxc5 g4 15. Nd2 Qe5 16. Ne4 a4 17. Bd2 Qd5 18. Bc3 e5 19. Rd1 Nxc5 20. Nf6+ 1-0

[Event "Begonia op 55th"]
[Site "Ballarat"]
[Date "2021.03.06"]
[Round "1"]
[White "Dale, Ari"]
[Black "Sannidhanam, Anurag"]
[Result "1-0"]
[WhiteElo "2353"]
[BlackElo "1761"]
[PlyCount "79"]
[EventDate "2021.03.06"]
[EventType "swiss"]
[EventRounds "7"]
[EventCountry "AUS"]
[SourceTitle "CBM 201 Extra"]
[Source "ChessBase"]
[SourceDate "2021.05.31"]
[SourceVersion "1"]
[SourceVersionDate "2021.05.31"]
[SourceQuality "1"]

1. d4 Nf6 2. c4 e6 3. Nc3 Bb4 4. e3 0-0 5. Bd3 d5 6. Nf3 c5 7. 0-0 Nc6 8. a3 Bxc3 9. bxc3 b6 10. cxd5 exd5 11. dxc5 bxc5 12. c4 Rb8 13. Qc2 dxc4 14. Bxc4 Qe7 15. Bb2 Bf5 16. Qxf5 Rxb2 17. Rac1 Na5 18. Bd3 c4 19. Bb1 Qxa3 20. Ng5 Rxb1 21. Rxb1 Nb3 22. Rfd1 h6 23. Nf3 a5 24. Nd2 Qb4 25. Qc2 a4 26. Qxc4 Qxc4 27. Nxc4 Ne4 28. Rd7 Nec5 29. Ra7 Rb8 30. Rd1 Rb4 31. Ne5 Nd2 32. f3 Rb2 33. Ra5 Rc2 34. h4 g6 35. Rxd2 Rxd2 36. Rxc5 a3 37. Ra5 a2 38. Kh2 Rd5 39. Ra8+ Kg7 40. Nc6 1-0

[Event "Melbourne Australasian IM"]
[Site "Melbourne"]
[Date "2019.12.19"]
[Round "6"]
[White "Khamatgaleev, Alexej"]
[Black "Dale, Ari"]
[Result "1-0"]
[WhiteElo "2351"]
[BlackElo "2352"]
[PlyCount "81"]
[EventDate "2019.12.14"]
[EventType "tourn"]
[EventRounds "9"]
[EventCountry "AUS"]
[EventCategory "1"]
[SourceTitle "CBM 193 Extra"]
[Source "ChessBase"]
[SourceDate "2020.01.31"]
[SourceVersion "1"]
[SourceVersionDate "2020.01.31"]
[SourceQuality "1"]

1. e4 c6 2. d4 d5 3. exd5 cxd5 4. Bd3 Nc6 5. c3 Qc7 6. Ne2 Bg4 7. 0-0 e6 8. Qe1 Nf6 9. f3 Bh5 10. Nf4 Bg6 11. Qh4 Bxd3 12. Nxd3 Bd6 13. Bg5 Ne7 14. Nd2 h6 15. Bxf6 Ng6 16. Qh5 gxf6 17. Rac1 Nf4 18. Nxf4 Bxf4 19. Rcd1 Rg8 20. Rfe1 Kf8 21. Nb3 b6 22. Qh4 Rg6 23. Nc1 Bxc1 24. Rxc1 Qc4 25. a3 a5 26. Qf4 Kg7 27. Qe3 Rb8 28. f4 b5 29. f5 exf5 30. Qf4 Rb6 31. Qxf5 b4 32. Re7 bxc3 33. Qd7 Qxd4+ 34. Kh1 h5 35. Rxf7+ Kh6 36. Rh7+ Kg5 37. Qh3 f5 38. Rxh5+ Kf6 39. Qxf5+ Kg7 40. Qd7+ Kg8 41. Qe8+ 1-0

[Event "Melbourne Australasian IM"]
[Site "Melbourne"]
[Date "2019.12.17"]
[Round "4"]
[White "Maguire, Tom"]
[Black "Dale, Ari"]
[Result "0-1"]
[WhiteElo "2139"]
[BlackElo "2352"]
[PlyCount "102"]
[EventDate "2019.12.14"]
[EventType "tourn"]
[EventRounds "9"]
[EventCountry "AUS"]
[EventCategory "1"]
[SourceTitle "CBM 193 Extra"]
[Source "ChessBase"]
[SourceDate "2020.01.31"]
[SourceVersion "1"]
[SourceVersionDate "2020.01.31"]
[SourceQuality "1"]

1. c4 g6 2. Nc3 Bg7 3. e4 d6 4. d3 e5 5. g3 Nc6 6. Bg2 f5 7. exf5 Bxf5 8. Nge2 Nf6 9. 0-0 0-0 10. d4 Nxd4 11. Nxd4 exd4 12. Qxd4 c6 13. Qd2 Qd7 14. f3 Rad8 15. b4 Qf7 16. Bb2 Qxc4 17. Ne2 Qd3 18. Rad1 Qxd2 19. Rxd2 Nd5 20. Bxg7 Kxg7 21. Nd4 Bc8 22. Nc2 Rfe8 23. b5 Ne3 24. Nxe3 Rxe3 25. Rc1 c5 26. Rxc5 dxc5 27. Rxd8 Bf5 28. g4 Bd3 29. Rd7+ Kf6 30. Rxb7 c4 31. Rc7 Ke5 32. a4 Kd4 33. a5 Re1+ 34. Kf2 Re2+ 35. Kg3 Rb2 36. b6 axb6 37. a6 Ra2 38. a7 c3 39. f4 c2 40. a8Q Rxa8 41. Bxa8 Bc4 42. Rd7+ Kc3 43. Bd5 Bxd5 44. Rxd5 c1Q 45. f5 Qg1+ 46. Kh4 Qxh2+ 47. Kg5 gxf5 48. Rxf5 Kc4 49. Kf6 Qh6+ 50. Ke5 b5 51. Rh5 Qg6 0-1

[Event "Australian op"]
[Site "Melbourne"]
[Date "2018.12.31"]
[Round "8"]
[White "Kethro, Michael"]
[Black "Dale, Ari"]
[Result "0-1"]
[WhiteElo "2099"]
[BlackElo "2371"]
[PlyCount "112"]
[EventDate "2018.12.27"]
[EventType "swiss"]
[EventRounds "9"]
[EventCountry "AUS"]
[SourceTitle "CBM 188 Extra"]
[Source "ChessBase"]
[SourceDate "2019.02.26"]
[SourceVersion "1"]
[SourceVersionDate "2019.02.26"]
[SourceQuality "1"]

1. d4 Nf6 2. c4 g6 3. Nc3 d5 4. cxd5 Nxd5 5. e4 Nxc3 6. bxc3 Bg7 7. Nf3 c5 8. Be3 0-0 9. Qd2 Qa5 10. Rb1 a6 11. Rc1 Nd7 12. Bd3 e5 13. dxe5 Nxe5 14. Nxe5 Bxe5 15. f4 Bg7 16. 0-0 Rd8 17. Qc2 b5 18. e5 Be6 19. Bxc5 Qxa2 20. Qxa2 Bxa2 21. Bd6 Bf8 22. Be4 Bxd6 23. exd6 Ra7 24. Rfd1 Rad7 25. Ra1 Bb3 26. Bc6 Bxd1 27. Bxd7 Ba4 28. Bc6 Rxd6 29. Bf3 Rd3 30. c4 Rd4 31. cxb5 axb5 32. g3 Bc2 33. Ra2 Bd1 34. Ra8+ Kg7 35. Kf2 Rd2+ 36. Ke3 Bxf3 37. Kxf3 Rxh2 38. Rb8 Rb2 39. Rb7 Rb3+ 40. Kg4 h5+ 41. Kh4 Rb1 42. Kh3 Kf6 43. Rc7 Rd1 44. Rc6+ Kg7 45. Rc5 b4 46. Rb5 Rd4 47. Rb6 Rc4 48. Ra6 b3 49. Rb6 Rc3 50. Kg2 Rc2+ 51. Kf3 b2 52. Rb7 Kf6 53. Rb5 Ke6 54. Rb8 Kd5 55. Ke3 Kc4 56. Rb7 Rc3+ 0-1

[Event "Australian op"]
[Site "Melbourne"]
[Date "2018.12.28"]
[Round "2"]
[White "Dale, Ari"]
[Black "Beaumont, David"]
[Result "1-0"]
[WhiteElo "2371"]
[BlackElo "1985"]
[PlyCount "77"]
[EventDate "2018.12.27"]
[EventType "swiss"]
[EventRounds "9"]
[EventCountry "AUS"]
[SourceTitle "CBM 188 Extra"]
[Source "ChessBase"]
[SourceDate "2019.02.26"]
[SourceVersion "1"]
[SourceVersionDate "2019.02.26"]
[SourceQuality "1"]

1. d4 Nf6 2. c4 g6 3. Nc3 Bg7 4. e4 d6 5. Nf3 0-0 6. Be2 e5 7. Be3 exd4 8. Nxd4 Re8 9. f3 c6 10. Bf2 d5 11. exd5 cxd5 12. 0-0 dxc4 13. Bxc4 Nc6 14. Ndb5 Be6 15. Bxe6 Rxe6 16. Qxd8+ Rxd8 17. Nxa7 Rd2 18. Nxc6 bxc6 19. a4 Nh5 20. Rfd1 Bxc3 21. bxc3 Rc2 22. Re1 Rxe1+ 23. Bxe1 Nf4 24. a5 Re2 25. a6 Re8 26. a7 Ra8 27. Bf2 Ne2+ 28. Kf1 Nxc3 29. Rc1 Nb5 30. Rxc6 Kg7 31. Rb6 Rxa7 32. Rxb5 Rd7 33. g4 h6 34. Kg2 Kh7 35. h4 Kg7 36. Rc5 Kh7 37. Be1 f6 38. Bc3 Rf7 39. Rc8 1-0

[Event "Doeberl Cup 56th"]
[Site "Canberra"]
[Date "2018.03.31"]
[Round "5"]
[White "Litchfield, Frederick"]
[Black "Dale, Ari"]
[Result "0-1"]
[WhiteElo "2054"]
[BlackElo "2374"]
[PlyCount "148"]
[EventDate "2018.03.29"]
[EventType "swiss"]
[EventRounds "9"]
[EventCountry "AUS"]
[SourceTitle "CBM 187 Extra"]
[Source "ChessBase"]
[SourceDate "2018.11.04"]
[SourceVersion "1"]
[SourceVersionDate "2018.11.04"]
[SourceQuality "1"]

1. e4 d5 2. Nc3 d4 3. Nce2 c5 4. f4 Nc6 5. Nf3 Nf6 6. d3 Bg4 7. Neg1 h5 8. h3 Bd7 9. g3 Rc8 10. Ne2 g6 11. Bg2 Bg7 12. 0-0 c4 13. a3 cxd3 14. cxd3 Qb6 15. Kh2 a5 16. Nh4 Be6 17. Qe1 Bb3 18. Bd2 0-0 19. Nc1 Nd7 20. e5 Nc5 21. Qe2 e6 22. g4 hxg4 23. Qxg4 Ne7 24. Rg1 Bc2 25. Bxa5 Qxa5 26. b4 Qa6 27. bxc5 Rxc5 28. Be4 Ba4 29. Ne2 Bc6 30. Nxd4 Bxe4 31. dxe4 Rxe5 32. Rae1 Rh5 33. e5 Qxa3 34. Rg2 Nf5 35. Nhxf5 exf5 36. Qf3 Qxf3 37. Nxf3 Bh6 38. Kg3 Ra8 39. e6 fxe6 40. Rxe6 Ra4 41. Rxg6+ Kh7 42. Rb6 Bxf4+ 43. Kf2 Ra7 44. h4 Rh6 45. Rb4 Bc1 46. Ng5+ Kg7 47. Rg1 Rc6 48. Nf3+ Kf6 49. h5 Rc2+ 50. Kg3 Be3 51. Rd1 Bc5 52. Rf4 Ra6 53. Kh3 Bd6 54. Rfd4 Be5 55. R4d3 Raa2 56. Nxe5 Rh2+ 57. Kg3 Kxe5 58. Rd5+ Kf6 59. Rb5 Rag2+ 60. Kf3 Rf2+ 61. Ke3 Re2+ 62. Kf3 Rhf2+ 63. Kg3 Kg5 64. Rdd5 Rg2+ 65. Kf3 Kh4 66. Rd4+ Kh3 67. Kf4 Rg4+ 68. Kf3 Reg2 69. Rd1 R2g3+ 70. Ke2 Re4+ 71. Kf2 Rf4+ 72. Ke2 Kg2 73. Rdd5 Rf2+ 74. Ke1 Rh3 0-1

[Event "Doeberl Cup 56th"]
[Site "Canberra"]
[Date "2018.03.30"]
[Round "3"]
[White "Gareyev, Timur"]
[Black "Dale, Ari"]
[Result "1-0"]
[WhiteElo "2590"]
[BlackElo "2374"]
[PlyCount "49"]
[EventDate "2018.03.29"]
[EventType "swiss"]
[EventRounds "9"]
[EventCountry "AUS"]
[SourceTitle "CBM 187 Extra"]
[Source "ChessBase"]
[SourceDate "2018.11.04"]
[SourceVersion "1"]
[SourceVersionDate "2018.11.04"]
[SourceQuality "1"]

1. d4 Nf6 2. c4 g6 3. Nc3 Bg7 4. e4 d6 5. f4 c5 6. d5 0-0 7. Bd3 e6 8. Nf3 exd5 9. cxd5 Re8 10. 0-0 c4 11. Bc2 Qb6+ 12. Kh1 Nbd7 13. Qe2 Nc5 14. Qxc4 Bd7 15. e5 Rac8 16. exf6 Bxf6 17. f5 Bxc3 18. bxc3 Bb5 19. Qd4 Bxf1 20. Bh6 Ne6 21. fxe6 Qxd4 22. Nxd4 Bc4 23. Ba4 b5 24. Nxb5 Bxb5 25. Bxb5 1-0

[Event "Doeberl Cup 56th"]
[Site "Canberra"]
[Date "2018.03.29"]
[Round "1"]
[White "Winkelman, Albert"]
[Black "Dale, Ari"]
[Result "0-1"]
[WhiteElo "2010"]
[BlackElo "2374"]
[PlyCount "84"]
[EventDate "2018.03.29"]
[EventType "swiss"]
[EventRounds "9"]
[EventCountry "AUS"]
[SourceTitle "CBM 187 Extra"]
[Source "ChessBase"]
[SourceDate "2018.11.04"]
[SourceVersion "1"]
[SourceVersionDate "2018.11.04"]
[SourceQuality "1"]

1. e4 d5 2. exd5 Qxd5 3. Nc3 Qd8 4. d4 Nf6 5. Nf3 Bg4 6. Be2 e6 7. Bg5 Be7 8. Qd2 c6 9. h3 Bxf3 10. Bxf3 Nd5 11. Ne4 Bxg5 12. Qxg5 Qxg5 13. Nxg5 b5 14. Ne4 Nd7 15. b3 Ke7 16. 0-0-0 b4 17. Kb2 a5 18. c4 bxc3+ 19. Nxc3 Rhb8 20. Na4 Kd6 21. Rd2 N5b6 22. Nxb6 Rxb6 23. Rc1 a4 24. Rdc2 a3+ 25. Kb1 Rc8 26. Rc4 Ra6 27. Kc2 Nb6 28. Rc5 Nd5 29. Bxd5 exd5 30. b4 Re8 31. Kd3 Rb6 32. f3 f5 33. g3 g5 34. R1c3 f4 35. gxf4 gxf4 36. Kd2 Rg8 37. Rxa3 Rxb4 38. Kc3 Rb1 39. Ra7 Rc1+ 40. Kd2 Rxc5 41. dxc5+ Kxc5 42. Rxh7 Rg2+ 0-1

[Event "Budapest FS02 GM"]
[Site "Budapest"]
[Date "2018.02.09"]
[Round "6"]
[White "Dale, Ari"]
[Black "Annaberdiev, Meilis"]
[Result "0-1"]
[WhiteElo "2381"]
[BlackElo "2479"]
[PlyCount "120"]
[EventDate "2018.02.03"]
[EventType "tourn"]
[EventRounds "9"]
[EventCountry "HUN"]
[EventCategory "7"]
[SourceTitle "CBM 182 Extra"]
[Source "ChessBase"]
[SourceDate "2018.02.23"]
[SourceVersion "1"]
[SourceVersionDate "2018.02.23"]
[SourceQuality "1"]

1. d4 Nf6 2. c4 g6 3. Nc3 Bg7 4. e4 d6 5. Nf3 0-0 6. Be2 e5 7. Be3 exd4 8. Nxd4 Re8 9. f3 c6 10. Bf2 d5 11. exd5 cxd5 12. 0-0 Nc6 13. c5 a6 14. Qd2 Nh5 15. g4 Nxd4 16. Bxd4 Bxd4+ 17. Qxd4 Nf6 18. g5 Nh5 19. f4 Bh3 20. Rfe1 Qd7 21. Nxd5 Be6 22. Nf6+ Nxf6 23. Qxd7 Bxd7 24. gxf6 Re6 25. Rad1 Bc6 26. Bc4 Rxf6 27. Rd4 a5 28. Re5 Kg7 29. b3 h6 30. a3 Rb8 31. Kf2 a4 32. b4 Rd8 33. Rxd8 Rxf4+ 34. Ke3 Rxc4 35. Re7 Rc3+ 36. Rd3 Rc1 37. Kd2 Rb1 38. Kc2 Rf1 39. Rd2 Rf5 40. Kb2 Rf3 41. Ka2 Rb3 42. Rb2 Rc3 43. Rf2 Bd5+ 44. Kb2 Rb3+ 45. Kc1 Rxa3 46. Rd7 Ra1+ 47. Kd2 a3 48. Rxd5 a2 49. Rd7 Rd1+ 50. Kxd1 a1Q+ 51. Ke2 Qa6+ 52. Rd3 Qc4 53. Ke3 Qxb4 54. Rc2 Qe1+ 55. Kd4 Qb4+ 56. Kd5 Qb5 57. Rdd2 b6 58. Rd4 Qb3+ 59. Rdc4 b5 60. R2c3 bxc4 0-1

[Event "Budapest FS02 GM"]
[Site "Budapest"]
[Date "2018.02.04"]
[Round "2"]
[White "Bagi, Mate"]
[Black "Dale, Ari"]
[Result "0-1"]
[WhiteElo "2448"]
[BlackElo "2381"]
[PlyCount "96"]
[EventDate "2018.02.03"]
[EventType "tourn"]
[EventRounds "9"]
[EventCountry "HUN"]
[EventCategory "7"]
[SourceTitle "CBM 182 Extra"]
[Source "ChessBase"]
[SourceDate "2018.02.23"]
[SourceVersion "1"]
[SourceVersionDate "2018.02.23"]
[SourceQuality "1"]

1. e4 c6 2. d4 d5 3. Nc3 dxe4 4. Nxe4 Bf5 5. Ng3 Bg6 6. h4 h6 7. Nf3 Nd7 8. h5 Bh7 9. Bd3 Bxd3 10. Qxd3 e6 11. Bd2 Ngf6 12. 0-0-0 Be7 13. Kb1 Qb6 14. c4 0-0 15. Bf4 Rad8 16. Qc2 Qa6 17. Nf1 c5 18. d5 exd5 19. Ne3 d4 20. Nf5 Rfe8 21. Bxh6 gxh6 22. Nxh6+ Kf8 23. Nxf7 d3 24. Rxd3 Kxf7 25. Ng5+ Kf8 26. Re3 Bd6 27. Qg6 Qxc4 28. Re6 Qxe6 29. Nxe6+ Rxe6 30. h6 Ne5 31. Qg7+ Ke8 32. h7 Nxh7 33. Qxh7 Nf7 34. Qf5 Ke7 35. Rd1 Be5 36. Rxd8 Nxd8 37. f4 Bd4 38. Qg5+ Kd7 39. Qg4 Nc6 40. a3 Kd6 41. Qd1 Re3 42. g4 c4 43. Qc2 b5 44. Qg6+ Kc5 45. Kc1 Re2 46. Qf5+ Kb6 47. g5 Bxb2+ 48. Kd1 c3 0-1

[Event "Budapest FS02 GM"]
[Site "Budapest"]
[Date "2018.02.03"]
[Round "1"]
[White "Dale, Ari"]
[Black "Navalgund, Niranjan"]
[Result "1/2-1/2"]
[WhiteElo "2381"]
[BlackElo "2270"]
[PlyCount "69"]
[EventDate "2018.02.03"]
[EventType "tourn"]
[EventRounds "9"]
[EventCountry "HUN"]
[EventCategory "7"]
[SourceTitle "CBM 182 Extra"]
[Source "ChessBase"]
[SourceDate "2018.02.23"]
[SourceVersion "1"]
[SourceVersionDate "2018.02.23"]
[SourceQuality "1"]

1. d4 Nf6 2. c4 g6 3. Nc3 Bg7 4. e4 d6 5. Nf3 0-0 6. Be2 e5 7. Be3 Ng4 8. Bg5 f6 9. Bh4 g5 10. Bg3 Nh6 11. h3 Nc6 12. d5 Ne7 13. Qd2 Ng6 14. 0-0-0 Nf4 15. Ne1 a6 16. f3 Nxe2+ 17. Qxe2 b5 18. Bf2 bxc4 19. g4 a5 20. Qxc4 Ba6 21. Qc6 Qb8 22. Nc2 Nf7 23. Kb1 a4 24. Rd2 a3 25. Nxa3 Nd8 26. Qd7 Rf7 27. Qe8+ Rf8 28. Qh5 Bc8 29. h4 Rxa3 30. hxg5 fxg5 31. Qxh7+ Kf7 32. Qh5+ Kg8 33. Qh7+ Kf7 34. Qh5+ Kg8 35. Qh7+ 1/2-1/2

[Event "Tata Steel TOP 80th"]
[Site "Wijk aan Zee"]
[Date "2018.01.28"]
[Round "9"]
[White "Vrolijk, Liam"]
[Black "Dale, Ari"]
[Result "1-0"]
[WhiteElo "2427"]
[BlackElo "2381"]
[PlyCount "83"]
[EventDate "2018.01.19"]
[EventType "tourn"]
[EventRounds "9"]
[EventCountry "NED"]
[EventCategory "6"]
[SourceTitle "CBM 182 Extra"]
[Source "ChessBase"]
[SourceDate "2018.02.23"]
[SourceVersion "1"]
[SourceVersionDate "2018.02.23"]
[SourceQuality "1"]

1. Nf3 Nf6 2. c4 g6 3. Nc3 Bg7 4. e4 d6 5. d4 0-0 6. Be2 e5 7. d5 a5 8. Bg5 Na6 9. Nd2 Nc5 10. 0-0 c6 11. b3 h6 12. Be3 Nfd7 13. a3 f5 14. f3 Bf6 15. b4 axb4 16. axb4 Rxa1 17. Qxa1 Na6 18. dxc6 bxc6 19. b5 Nb4 20. Qb1 c5 21. exf5 Bg5 22. Bxg5 Qxg5 23. f4 exf4 24. Nde4 Qe7 25. fxg6 Ne5 26. Qd1 f3 27. gxf3 Bh3 28. Rf2 Rf5 29. f4 Nxg6 30. Bg4 Nd3 31. Qxd3 Bxg4 32. Nd5 Qe6 33. Ng3 Rf7 34. f5 Qe1+ 35. Rf1 Ne5 36. Rxe1 Nxd3 37. Re8+ Kh7 38. Ne4 Kg7 39. Nxd6 Ra7 40. f6+ Kg6 41. f7 Bh3 42. Nf4+ 1-0

[Event "Tata Steel TOP 80th"]
[Site "Wijk aan Zee"]
[Date "2018.01.27"]
[Round "8"]
[White "Dale, Ari"]
[Black "Salimova, Nurgyul"]
[Result "1/2-1/2"]
[WhiteElo "2381"]
[BlackElo "2265"]
[PlyCount "70"]
[EventDate "2018.01.19"]
[EventType "tourn"]
[EventRounds "9"]
[EventCountry "NED"]
[EventCategory "6"]
[SourceTitle "CBM 182 Extra"]
[Source "ChessBase"]
[SourceDate "2018.02.23"]
[SourceVersion "1"]
[SourceVersionDate "2018.02.23"]
[SourceQuality "1"]

1. d4 Nf6 2. c4 e6 3. Nc3 Bb4 4. e3 0-0 5. Bd3 d5 6. Nge2 c5 7. cxd5 exd5 8. a3 Bxc3+ 9. bxc3 c4 10. Bc2 Nc6 11. f3 Re8 12. 0-0 b5 13. Ng3 a5 14. e4 Rb8 15. e5 Nd7 16. f4 b4 17. axb4 axb4 18. Qh5 Nf8 19. f5 bxc3 20. f6 Nxd4 21. Ra7 Bd7 22. Nf5 Nxf5 23. Rxd7 Qxd7 24. Rxf5 Ng6 25. fxg7 d4 26. Qh6 Qxf5 27. Bxf5 Rxe5 28. Bxg6 fxg6 29. Qf4 Rbe8 30. Qxd4 Re1+ 31. Kf2 Rxc1 32. Qxc4+ Kxg7 33. Qd4+ Kg8 34. Qc4+ Kg7 35. Qd4+ Kg8 1/2-1/2

[Event "Tata Steel TOP 80th"]
[Site "Wijk aan Zee"]
[Date "2018.01.26"]
[Round "7"]
[White "Beerdsen, Thomas"]
[Black "Dale, Ari"]
[Result "1-0"]
[WhiteElo "2445"]
[BlackElo "2381"]
[PlyCount "65"]
[EventDate "2018.01.19"]
[EventType "tourn"]
[EventRounds "9"]
[EventCountry "NED"]
[EventCategory "6"]
[SourceTitle "CBM 182 Extra"]
[Source "ChessBase"]
[SourceDate "2018.02.23"]
[SourceVersion "1"]
[SourceVersionDate "2018.02.23"]
[SourceQuality "1"]

1. e4 c6 2. d4 d5 3. Nd2 dxe4 4. Nxe4 Bf5 5. Ng3 Bg6 6. Nh3 Nf6 7. Nf4 Nbd7 8. Bc4 Qc7 9. 0-0 e6 10. c3 0-0-0 11. Qf3 Bd6 12. a4 c5 13. Ba2 Bc2 14. dxc5 Nxc5 15. Be3 Bxa4 16. Bxc5 Bxf4 17. Be3 Bxe3 18. Qxe3 Bc6 19. Qxa7 h5 20. h4 Rd2 21. Qe3 Qd6 22. Bxe6+ Kc7 23. Bh3 g6 24. c4 Re8 25. Qc3 Qd4 26. Qa5+ b6 27. Qa7+ Bb7 28. c5 Qxc5 29. b4 Qc4 30. Rac1 Rc2 31. Rxc2 Qxc2 32. Qa1 Ng4 33. Bxg4 1-0

[Event "Tata Steel TOP 80th"]
[Site "Wijk aan Zee"]
[Date "2018.01.24"]
[Round "6"]
[White "Dale, Ari"]
[Black "Bekker, Stefan"]
[Result "1-0"]
[WhiteElo "2381"]
[BlackElo "2273"]
[PlyCount "133"]
[EventDate "2018.01.19"]
[EventType "tourn"]
[EventRounds "9"]
[EventCountry "NED"]
[EventCategory "6"]
[SourceTitle "CBM 182 Extra"]
[Source "ChessBase"]
[SourceDate "2018.02.23"]
[SourceVersion "1"]
[SourceVersionDate "2018.02.23"]
[SourceQuality "1"]

1. d4 Nf6 2. c4 e6 3. Nc3 Bb4 4. e3 0-0 5. Bd3 d5 6. Nf3 c5 7. 0-0 cxd4 8. exd4 dxc4 9. Bxc4 b6 10. Bg5 Bb7 11. Re1 Nbd7 12. Rc1 Rc8 13. Qb3 Bxc3 14. Rxc3 h6 15. Bh4 Bd5 16. Bxd5 Rxc3 17. Qxc3 exd5 18. Ne5 Re8 19. Bxf6 Nxf6 20. Rc1 Ne4 21. Qc7 Qxc7 22. Rxc7 Nd6 23. Rxa7 Nb5 24. Ra4 Nxd4 25. Rxd4 Rxe5 26. Kf1 Kf8 27. f4 Rf5 28. Ke2 Ke7 29. Rb4 Rf6 30. Rb5 Rd6 31. Kd3 Kd7 32. Kd4 Kc6 33. Rb3 Rd7 34. a4 Re7 35. Re3 Rxe3 36. Kxe3 Kc5 37. Kd3 f5 38. h4 h5 39. Kc3 d4+ 40. Kd3 Kb4 41. Kxd4 Kxa4 42. Ke5 Kb3 43. Kxf5 Kxb2 44. Kg6 b5 45. Kxg7 Kc3 46. f5 b4 47. f6 b3 48. f7 b2 49. f8Q b1Q 50. Qc5+ Kd2 51. Kh6 Qb7 52. Qxh5 Ke1 53. g4 Qe7 54. Qg5 Qf8+ 55. Qg7 Qf4+ 56. Kh5 Qf3 57. Qe5+ Kd2 58. Qf5 Qe2 59. Kh6 Qa6+ 60. Qg6 Qa1 61. g5 Qh8+ 62. Qh7 Qd4 63. h5 Qd6+ 64. Qg6 Qf8+ 65. Qg7 Qf4 66. Qf6 Qe3 67. Kh7 1-0

[Event "AUS-ch"]
[Site "Cammeray"]
[Date "2018.01.11"]
[Round "10"]
[White "Dale, Ari"]
[Black "Solomon, Stephen J"]
[Result "1-0"]
[WhiteElo "2356"]
[BlackElo "2365"]
[PlyCount "121"]
[EventDate "2018.01.02"]
[EventType "swiss"]
[EventRounds "11"]
[EventCountry "AUS"]
[SourceTitle "CBM 182 Extra"]
[Source "ChessBase"]
[SourceDate "2018.02.23"]
[SourceVersion "1"]
[SourceVersionDate "2018.02.23"]
[SourceQuality "1"]

1. d4 Nf6 2. c4 e6 3. Nc3 Bb4 4. e3 0-0 5. Nge2 d5 6. a3 Be7 7. cxd5 exd5 8. b4 c6 9. Ng3 Re8 10. Bd3 Nbd7 11. 0-0 a5 12. b5 c5 13. Nf5 Bf8 14. Qf3 g6 15. Ng3 Bg7 16. Nxd5 Nxd5 17. Qxd5 cxd4 18. Bb2 Ne5 19. Be4 dxe3 20. fxe3 Be6 21. Qxb7 Rb8 22. Qa7 Rxb5 23. Rad1 Qb8 24. Qxb8 Rexb8 25. Bd4 h5 26. Rb1 h4 27. Ne2 Bc4 28. Nc3 Bxf1 29. Nxb5 Bxb5 30. a4 Nc4 31. Bd3 Re8 32. axb5 Nxe3 33. Bxg7 Kxg7 34. b6 Kf6 35. Re1 Rb8 36. Rxe3 Rxb6 37. Bc4 Rb7 38. Rf3+ Kg7 39. Ra3 Rc7 40. Be2 Rc5 41. Kf2 Kf6 42. Re3 Kg5 43. Rb3 Re5 44. Rb5 Kf4 45. Rxe5 Kxe5 46. Bb5 f5 47. Ke3 f4+ 48. Kf3 h3 49. g3 g5 50. Bd7 Kd6 51. Bxh3 a4 52. Bf5 a3 53. Bb1 Ke5 54. Kg4 Ke6 55. Ba2+ Ke5 56. Kf3 Kf6 57. Bb1 Ke5 58. g4 Ke6 59. h4 Kf6 60. hxg5+ Kxg5 61. Ba2 1-0

[Event "AUS-ch"]
[Site "Cammeray"]
[Date "2018.01.04"]
[Round "4"]
[White "Smirnov, Anton"]
[Black "Dale, Ari"]
[Result "1/2-1/2"]
[WhiteElo "2527"]
[BlackElo "2356"]
[PlyCount "80"]
[EventDate "2018.01.02"]
[EventType "swiss"]
[EventRounds "11"]
[EventCountry "AUS"]
[SourceTitle "CBM 182 Extra"]
[Source "ChessBase"]
[SourceDate "2018.02.23"]
[SourceVersion "1"]
[SourceVersionDate "2018.02.23"]
[SourceQuality "1"]

1. d4 Nf6 2. c4 g6 3. Nc3 d5 4. Nf3 Bg7 5. cxd5 Nxd5 6. Bg5 Nxc3 7. bxc3 c5 8. e3 0-0 9. Be2 Bg4 10. h3 Bxf3 11. Bxf3 Qc7 12. Bf4 e5 13. dxe5 Nc6 14. e6 Bxc3+ 15. Kf1 Be5 16. exf7+ Kg7 17. Bxc6 bxc6 18. g3 Bxf4 19. gxf4 Qxf7 20. Kg2 g5 21. Rg1 gxf4 22. e4 Kh8 23. Kh2 Rad8 24. Qc2 c4 25. Rad1 Rxd1 26. Rxd1 Rg8 27. Qc3+ Qg7 28. Rc1 Qxc3 29. Rxc3 Rg6 30. h4 Kg7 31. h5 Rg5 32. Rxc4 c5 33. Kh3 h6 34. Kh4 Kf6 35. f3 Ke6 36. Ra4 Ke5 37. Rc4 Kd6 38. Ra4 Ke5 39. Rc4 Kd6 40. Ra4 Ke5 1/2-1/2